| 000 | 02766nam0a2200361 4500 | ||
|---|---|---|---|
| 001 | RU\NLR\BIBL_A\011662351 | ||
| 005 | 20180329103445.0 | ||
| 010 |
_a978-5-7782-3388-1 _945 |
||
| 021 |
_aRU _bКН-П-18-010969 _9КН-П-18-0769 |
||
| 035 | _a(NLR Aleph) 011662351 | ||
| 035 | _a(RuMoRGB)009544285 | ||
| 090 |
_a11189067 _c11189067 |
||
| 100 | _a20180321d2017 k y0rusy50 ca | ||
| 101 | 0 | _arus | |
| 102 | _aRU | ||
| 105 | _a |||z|||100zy | ||
| 200 | 1 |
_aОбеспечение прав и свобод человека в уголовном судопроизводстве: организационные, процессуальные и криминалистические аспекты _eсборник статей по материалам международной студенческой научно-практической конференции, г. Новосибирск / г. Симферополь, 25 мая 2017 г. _fМинистерство образования и науки Российской Федерации, Новосибирский государственный технический университет, Юридический факультет [и др. _gредакционная коллегия: к.ю.н. С.А. Поляков и др.] |
|
| 210 |
_aНовосибирск _cИзд-во НГТУ _d2017 |
||
| 215 |
_a319, [1] с. _cил., табл. _d21 |
||
| 320 | _aБиблиогр. в конце ст. | ||
| 606 | 1 |
_aУголовный процесс _xОбеспечение прав личности _yРоссийская Федерация _jСъезды, совещания и т.п _2nlr_sh2 _3RU\NLR\AUTH\661578179 |
|
| 686 |
_aХ629.3я431(0) _2rubbk |
||
| 686 |
_aХ629.4я431(0) _2rubbk |
||
| 686 | 1 | _aХ629.3я431 | |
| 702 | 1 |
_aПоляков _bС. А. _cканд. юрид. наук _f1961- _gСергей Альбертович _3RU\NLR\AUTH\7780268 _4340 |
|
| 711 | 1 | 2 |
_a"Обеспечение прав и свобод человека в уголовном судопроизводстве: организационные, процессуальные и криминалистические аспекты", международная студенческая научно-практическая конференция _f2017 _eНовосибирск/Симферополь _3RU\NLR\AUTH\880466684 |
| 712 | 0 | 2 |
_aНовосибирский государственный технический университет _bЮридический факультет _3RU\NLR\AUTH\880466685 _4557 |
| 942 | _cBOOK | ||
| 980 | _aNBR | ||
| 980 | _aNB | ||